| Tag |
First Indicator |
Second Indicator |
Subfields |
| LEADER |
00000cam a2200000 4500 |
| 001 |
in00000202021 |
| 005 |
20151009064919.0 |
| 008 |
690415s1969 nyu b 00110 eng |
| 010 |
|
|
|a 68020818
|
| 035 |
|
|
|a (OCoLC)00001132
|
| 035 |
|
|
|9 AAY3067AM
|
| 037 |
|
|
|c 6.50
|
| 040 |
|
|
|a DLC
|c DLC
|d TXA
|d UtOrBLW
|
| 049 |
|
|
|a TXAM
|c [850485]
|
| 050 |
0 |
0 |
|a KF4136.A315
|b A163
|
| 082 |
0 |
|
|a 340
|
| 100 |
1 |
|
|a Eidenberg, Eugene.
|
| 245 |
1 |
3 |
|a An act of Congress ;
|b the legislative process and the making of education policy /
|c [by] Eugene Eidenberg and Roy D. Morey.
|
| 250 |
|
|
|a [1st ed.].
|
| 264 |
|
1 |
|a New York :
|b Norton,
|c [1969]
|
| 300 |
|
|
|a xi, 256 pages ;
|c 21 cm.
|
| 336 |
|
|
|a text
|b txt
|2 rdacontent
|
| 337 |
|
|
|a unmediated
|b n
|2 rdamedia
|
| 338 |
|
|
|a volume
|b nc
|2 rdacarrier
|
| 504 |
|
|
|a Bibliographical footnotes.
|
| 610 |
1 |
0 |
|a United States.
|t Elementary and Secondary Education Act of 1965.
|
| 650 |
|
0 |
|a Educational law and legislation
|z United States.
|
| 700 |
1 |
|
|a Morey, Roy D.
|
| 999 |
|
|
|a MARS
|
| 999 |
f |
f |
|s 1c6ece8f-f8b0-3ea4-8286-aa45e2a7b958
|i 78bf6e27-665f-3d6f-a887-c0a4dad4521f
|t 0
|
| 952 |
f |
f |
|p ric
|a Texas A&M University
|b Rellis Campus
|c Joint Library Facility
|d Remote Storage
|t 0
|e KF4136.A315 A163
|h Library of Congress classification
|i unmediated -- volume
|m A14803180482
|
| 998 |
f |
f |
|a KF4136.A315 A163
|t 0
|l Remote Storage
|